| 000 | 00752nam a2200217Ii 4500 | ||
|---|---|---|---|
| 003 | JO-AjNU | ||
| 008 | 230606s9999||||xx |||||||||||||| ||und|| | ||
| 020 | _a0-395-92099-X | ||
| 040 |
_aJO-AjNU _beng _erda _cJO-AjNU |
||
| 041 | _aeng | ||
| 050 | 1 | 4 | _aHF5635 .N345 1999 |
| 100 | 3 |
_aNeedles Jr,Belverd/ Powers.Marian/Mills, Sherry K / Anderson, Henry R ؛Consulting Author:Caldwell,James C ؛Consulting Editor: Crosson,Susan V, _eauthor _93127 |
|
| 245 | 0 | 0 | _aManagerial accounting |
| 250 | _a5th ed | ||
| 264 | 3 | 1 | _aBoston : Houghton Mifflin,1999 |
| 300 |
_a603p _b Includes indexes(pages 594-603) |
||
| 336 |
_atext _btxt _2rdacontent |
||
| 337 |
_aunmediated _bn _2rdamedia |
||
| 338 |
_avolume _bnc _2rdacarrier |
||
| 650 | 4 |
_aAccounting _93128 |
|
| 999 |
_aE1639 _c1639 _d1639 |
||